Органические реакции, катализируемые комплексами металлов

Bibliografske podrobnosti
Glavni avtor: Шульпин Г. Б. Георгий Борисович
Drugi avtorji: Шилов А. Е. (редактор)
Izvleček:Рез.: англ.
Jezik:ruščina
Izdano: Москва, Наука, 1988
Teme:
Format: MixedMaterials Knjiga
KOHA link:https://koha.lib.tpu.ru/cgi-bin/koha/opac-detail.pl?biblionumber=93620

MARC

LEADER 00000nam0a2200000 4500
001 93620
005 20231101213911.0
010 |a 502001351X 
020 |a RU  |b 88-66978 
035 |a (RuTPU)RU\TPU\book\100232 
090 |a 93620 
100 |a 20060330d1988 k a0rusy5003 ca 
101 0 |a rus 
102 |a RU 
105 |a a z 001zy 
200 1 |a Органические реакции, катализируемые комплексами металлов  |f Г. Б. Шульпин  |g отв. ред. А. Е. Шилов 
210 |a Москва  |c Наука  |d 1988 
215 |a 285 с.  |c ил.  |d 22 см 
300 |a Рез.: англ. 
320 |a Библиогр.: с. 9-11 (92 назв.) 
320 |a Предм. указ.: с. 277-280 
320 |a Библиография в конце глав. 
606 1 |a Органический катализ  |2 stltpush  |3 (RuTPU)RU\TPU\subj\75601  |9 87301 
610 1 |a органический синтез 
610 1 |a устойчивость 
610 1 |a изомеризация 
610 1 |a олигомеры 
610 1 |a металлокомплексные катализаторы 
675 |a 547.057  |z rus 
700 1 |a Шульпин  |b Г. Б.  |g Георгий Борисович  |4 070 
702 1 |a Шилов  |b А. Е.  |4 340 
801 0 |a RU  |b RuMRKP  |c 19950417  |g psbo 
801 1 |a RU  |b 63413507  |c 20060330  |g PSBO 
801 2 |a RU  |b 63413507  |c 20191121  |g PSBO 
942 |c BK